000 00515cam a22001932a 4500
001 010210
003 AR-FADEU
008 311216n1999####xxu####################dd
020 _a987-43-0677-7
092 _aD341.63
_bF897
100 _aFrías, Pedro José
245 _aUna experiencia diplomática en Bélgica, la Santa Sede y la Mediación Papal
260 _aCórdoba
260 _bEl Copista
260 _c1999
300 _a150 p
650 _aDIPOLMACIA-SANTA SEDE; MEDIACION PAPAL
942 _cBDGR
999 _c16006
_d16006